000 00627pam a2200229 i 4500
001 1744043
003 LC
005 20160315142347.0
008 750607s1975 nyu 000 1 eng
010 _a 75017969
020 _a0860074323
040 _aDLC
_cDLC
_dDLC
050 0 0 _aPS 3573 .A475
_b.W243 1975
082 0 0 _aFIC
_bW18c 1975
100 1 _aWambaugh, Joseph.
_917887
245 1 4 _aThe choirboys /
_cJoseph Wambaugh.
260 _aNew York :
_bFutura Publications Limited,
_cc1975.
300 _a346 p. :
_c18 cm.
906 _a7
_bcbc
_corignew
_d1
_eocip
_f19
_gy-gencatlg
942 _2lcc
_cBK
999 _c10880
_d10880